000 00341nam a2200133Ia 4500
008 211109s9999||||xx |||||||||||||| ||und||
082 _a936
_bSEE-G
100 _aSeeley, J R
245 0 _aGrowth of British Policy
260 _bNATIONAL BOOKSTALL
_aKottayam
_c1911
630 _xGeneral Stack
650 _aGreat Britain
_xHistory
942 _cBOOK
999 _c445
_d445